Dimenzie podnikania a vzdelávania a ich implikácie v ekonomike Slovenska
Problematika znalostí a znalostnej spoločnosti pretransformovaná do inovácií, ktoré sa stávajú hybnou silou rozvoja spoločnosti a podnikov. Spolupráca a koncept Triple Helix (TH trojitej špirály) pri zabezpečovaní regionálneho rozvoja a spolupráce partnerstiev. Analýzy, významnosť a závislosti podni...
Saved in:
| Main Author: | |
|---|---|
| Other Authors: | |
| Format: | Book Chapter |
| Language: | Slovak |
| Subjects: | |
| Tags: |
No Tags, Be the first to tag this record!
|
MARC
| LEADER | 00000naa a2200000 4500 | ||
|---|---|---|---|
| 001 | 0146324 | ||
| 005 | 20231207101636.4 | ||
| 041 | 0 | |a slo | |
| 044 | |a CZ | ||
| 245 | 1 | 0 | |a Dimenzie podnikania a vzdelávania a ich implikácie v ekonomike Slovenska |
| 520 | |a Problematika znalostí a znalostnej spoločnosti pretransformovaná do inovácií, ktoré sa stávajú hybnou silou rozvoja spoločnosti a podnikov. Spolupráca a koncept Triple Helix (TH trojitej špirály) pri zabezpečovaní regionálneho rozvoja a spolupráce partnerstiev. Analýzy, významnosť a závislosti podnikania a vzdelávania v regionálnom rozvoji Slovenska. | ||
| 610 | 2 | 0 | |a Slovensko |
| 610 | 2 | 0 | |a regióny |
| 610 | 2 | 0 | |a rozvoj regionálny |
| 610 | 2 | 0 | |a prostredie podnikateľské |
| 610 | 2 | 0 | |a podnikanie |
| 610 | 2 | 0 | |a inovácia |
| 610 | 2 | 0 | |a kooperácia |
| 610 | 2 | 0 | |a partnerstvo verejno-súkromné |
| 610 | 2 | 0 | |a ekonomika vedomostná |
| 610 | 2 | 0 | |a spoločnosť vedomostná |
| 100 | 1 | |a Kuzmišinová, Viera | |
| 700 | 1 | |a Kuzmišin, Peter | |